| 000 | 00616nam a2200217Ia 4500 | ||
|---|---|---|---|
| 999 |
_c49242 _d49242 |
||
| 001 | 16155 | ||
| 003 | GE_BSU | ||
| 005 | 20220926110737.0 | ||
| 008 | 181216s2011||||enk|||||||||||||| ||eng|| | ||
| 020 | _a9780763771539 | ||
| 040 | _cGE_BSU | ||
| 080 | _a630 V-26 | ||
| 100 |
_aVandermeer, John H. _914773 |
||
| 245 | 4 |
_aThe Ecology of Agroecosystems / _c Vandermeer, John H. |
|
| 264 |
_aBoston : _c2011. |
||
| 300 |
_a386 p.; _b23 cm. |
||
| 653 | _aაგროეკოსისტემა | ||
| 653 | _aეკოლოგია | ||
| 653 | _aЭкология агроэкосистем | ||
| 942 |
_cBK _2udc |
||